000 00677nam a22001937a 4500
005 20240405151350.0
010 _aHIN-125998
020 _a9788181666185
_c500.00
035 _aHN-98344
037 _bDBAD/PUB
082 _a808.88
100 _aतेजस, कमल
_964328
245 _aडायरी लॉकडाउन /
_cतेजस, कमल
250 _a1st
260 _bमेधा बुक्स
_aदिल्ली
_c2021
270 _aएक्स -11 नवीन शाहदरा
_e110032
_bदिल्ली
300 _a228पृ.
_c23 सेमी (सजिल्द)
942 _cHN
_2ddc
_h808.88
_mतेजस
999 _c198179
_d198179